Радионуклидная диагностика. Физические принципы и технологии: учебное пособие

Detalles Bibliográficos
Autor principal: Климанов В. А. Владимир Александрович
Sumario:В учебном пособии изложены: физический фундамент радионуклидной диагностики; методы регистрации и детекторы ионизирующих излучений, применяемые в радионуклидной диагностике; устройство и основные характеристики гамма-камер и позитронно-эмиссионных сканеров, однофотонная эмиссионная и позитронно-эмиссионная томография; принципы и методы реконструкции распределений активности радионуклидов в организме пациентов из экспериментальных данных. Важное место в пособии занимают также описания наиболее распространенных технологий получения диагностических радионуклидов и их свойств, основ радиофармацевтики и механизмов локализации радиофармпрепаратов в исследуемых областях тела пациентов. Большое внимание уделяется вопросам радиационной безопасности и дозиметрии при радиодиагностических обследованиях. Пособие предназначено для студентов, преподавателей, аспирантов и научных работников инженерно-физических и физико-технических вузов, специализирующихся в области медицинской физики и радионуклидной диагностики, а также для работников медицинских учреждений, связанных с этими направлениями фундаментальной и практической медицины.
Lenguaje:ruso
Publicado: Долгопрудный, Интеллект, 2014
Materias:
Formato: Libro
KOHA link:https://koha.lib.tpu.ru/cgi-bin/koha/opac-detail.pl?biblionumber=231979

MARC

LEADER 00000nam0a2200000 4500
001 231979
005 20231101231130.0
010 |a 9785915591386 
035 |a (RuTPU)RU\TPU\book\253009 
090 |a 231979 
100 |a 20130207d2014 m y0rusy50 ca 
101 0 |a rus 
102 |a RU 
105 |a a j 001zy 
200 1 |a Радионуклидная диагностика. Физические принципы и технологии  |e учебное пособие  |f В. А. Климанов 
210 |a Долгопрудный  |c Интеллект  |d 2014 
215 |a 327 с.  |c ил. 
320 |a Библиогр. в конце гл. 
330 |a В учебном пособии изложены: физический фундамент радионуклидной диагностики; методы регистрации и детекторы ионизирующих излучений, применяемые в радионуклидной диагностике; устройство и основные характеристики гамма-камер и позитронно-эмиссионных сканеров, однофотонная эмиссионная и позитронно-эмиссионная томография; принципы и методы реконструкции распределений активности радионуклидов в организме пациентов из экспериментальных данных. Важное место в пособии занимают также описания наиболее распространенных технологий получения диагностических радионуклидов и их свойств, основ радиофармацевтики и механизмов локализации радиофармпрепаратов в исследуемых областях тела пациентов. Большое внимание уделяется вопросам радиационной безопасности и дозиметрии при радиодиагностических обследованиях. Пособие предназначено для студентов, преподавателей, аспирантов и научных работников инженерно-физических и физико-технических вузов, специализирующихся в области медицинской физики и радионуклидной диагностики, а также для работников медицинских учреждений, связанных с этими направлениями фундаментальной и практической медицины. 
606 1 |a Нуклиды радиоактивные  |x Физика  |2 stltpush  |3 (RuTPU)RU\TPU\subj\71490  |9 85378 
606 1 |a Медицина ядерная  |2 stltpush  |3 (RuTPU)RU\TPU\subj\41790  |9 61571 
610 1 |a радионуклидная диагностика 
610 1 |a ионизирующие излучения 
610 1 |a гамма-камеры 
610 1 |a однофотонная компьютерная томография 
610 1 |a позитронно-эмиссионая томография 
610 1 |a радионуклиды 
610 1 |a радиофармацевтика 
610 1 |a дозиметрия 
610 1 |a физические принципы 
610 1 |a биологическое действие 
610 1 |a газовые ионизационные детекторы 
610 1 |a сцинтилляционные детекторы 
610 1 |a полупроводниковые детекторы 
610 1 |a компьютеры 
610 1 |a томографические исследования 
610 1 |a генераторы 
610 1 |a радиофармпрепараты 
610 1 |a внутреннее облучение 
610 1 |a программное обеспечение 
610 1 |a Интернет 
610 1 |a учебные пособия 
675 |a 613.648(075.8)  |v 3 
675 |a 539.163(075.8)  |v 3 
700 1 |a Климанов  |b В. А.  |g Владимир Александрович 
801 1 |a RU  |b 63413507  |c 20130207 
801 2 |a RU  |b 63413507  |c 20150703  |g RCR 
900 |a Дозиметрия и защита от ионизирующих излучений 
900 |a Компьютерная томография 
900 |a Радиационная безопасность человека и окружающей среды 
942 |c BK 
959 |a 24/20130207  |d 5  |e 0  |f ЧЗТЛ:1  |f АНЛ:1  |f УФ:3 
959 |a 1/20140114  |d 5  |e 990,00  |f ЧЗТЛ:1  |f АНЛ:1  |f УФ:3